| 000 | 00360nam a22001457a 4500 | ||
|---|---|---|---|
| 003 | ASAB | ||
| 005 | 20180827062605.0 | ||
| 008 | 151231t xxu||||| |||| 00| 0 eng d | ||
| 020 | _a978-969-8893-03-3 | ||
| 040 | _cASAB | ||
| 100 |
_aS. khalid mahmood _91420 |
||
| 245 |
_acricket fever _ba hostory of pakistan-india tours |
||
| 300 | 1 | _a142 | |
| 942 |
_2ddc _cBK |
||
| 999 |
_c479927 _d479927 |
||